|
|
|
|
| LEADER |
01274nam a2200313 a 4500 |
| 001 |
348954 |
| 008 |
100513r19971995inua 001 0 eng d |
| 010 |
|
|
|a 94048226
|
| 020 |
|
|
|a 8187105135
|
| 020 |
|
|
|a 1562054155
|
| 040 |
|
|
|a DLC
|c DLC
|d DLC
|d BD-DhAAL
|
| 082 |
0 |
0 |
|a 006.6
|2 20
|
| 100 |
1 |
|
|a Elliott, Steven D.,
|d 1960-
|
| 245 |
1 |
0 |
|a Inside 3D studio, release 4 /
|c Steven D. Elliott, Phillip L. Miller ; contributions by Alan Devore... [et.al] ; texture maps on Inside 3D studio CD-ROM created by Tim Forcade.
|
| 260 |
|
|
|a Indianapolis, Ind. :
|b New Riders Pub. ;
|a New Delhi :
|b Tech Media,
|c c1995.[Reprinted 1997]
|
| 300 |
|
|
|a xxix, 1220 p. :
|b ill. (some col.) ;
|c 23 cm.
|
| 500 |
|
|
|a Autodesk 3D studio; CD-ROM player.
|
| 500 |
|
|
|a Rev. ed. of: Inside 3D studio / Steven D. Elliott ... [et al.]. c1994.
|
| 504 |
|
|
|a Includes index.
|
| 541 |
1 |
|
|e 00010642
|
| 650 |
|
0 |
|a Computer animation.
|
| 650 |
|
0 |
|a Computer graphics.
|
| 630 |
0 |
0 |
|a 3D studio.
|
| 700 |
1 |
|
|a Miller, Phillip L.
|
| 700 |
1 |
|
|a DeVore, Alan.
|
| 700 |
1 |
|
|a Forcade, Tim.
|
| 852 |
4 |
|
|a Ayesha Abed Library
|j General shelf
|
| 999 |
|
|
|c 8568
|d 8568
|
| 952 |
|
|
|0 0
|1 0
|2 ddc
|4 0
|6 006_600000000000000_ELL_1997
|7 0
|9 10188
|a BRACUL
|b BRACUL
|c GEN
|d 2010-05-16
|l 0
|o 006.6 ELL
|p 3010010642
|r 2010-05-16
|t 1
|w 2010-05-16
|y BK
|